Una aproximación empírica a la relación entre educación y pobreza /

محفوظ في:
التفاصيل البيبلوغرافية
المؤلف الرئيسي: Aguado Quintero, Luis Fernando
مؤلفون آخرون: Girón Cruz, Luis Eduardo, Salazar Silva, Fernando
التنسيق: نص
الموضوعات:
الوسوم: إضافة وسم
لا توجد وسوم, كن أول من يضع وسما على هذه التسجيلة!

MARC

LEADER 00000 a a2200000 04500
001 42530
003
040
100 |a Aguado Quintero, Luis Fernando  
245 |a Una aproximación empírica a la relación entre educación y pobreza /  |c Luis Fernando Aguado Quintero; Luis Eduardo Girón Cruz; Fernando Salazar Silva  
650 |a EDUCACION  
650 |a POBREZA  
650 |a CRECIMIENTO ECONOMICO  
650 |a POLITICA SOCIAL  
650 |a SALARIO  
650 |a POBLACION OCUPADA  
700 |a Girón Cruz, Luis Eduardo  
700 |a Salazar Silva, Fernando  
773 |g volumen38, número149 ( , 2007), páginas 35-60  
999 |c 38071  |d 38071